| 000 | 00366nam a2200169Ia 4500 | ||
|---|---|---|---|
| 100 | _aChattopadhyay/Santanu | ||
| 650 | _aComputers | ||
| 942 | _cBK | ||
| 366 | _f15 | ||
| 654 | _asoftware | ||
| 245 | _aSystem Software | ||
| 260 |
_bPrentice -Hall of India _aNew Delhi _c2007 |
||
| 082 |
_a005.14/CHA _bCHA |
||
| 300 | _a195 | ||
| 546 | _aENGLISH | ||
| 999 |
_c27228 _d27228 |
||